| 000 | 00733nam a22002177a 4500 | ||
|---|---|---|---|
| 005 | 20250730124109.0 | ||
| 008 | 250730b |||||||| |||| 00| 0 eng d | ||
| 037 | _c9789391355944 (hbk) | ||
| 040 |
_aCRL _cCRL |
||
| 041 |
_2eng _aeng |
||
| 084 |
_aT4.2,e4,11T R4 _qCRL |
||
| 245 |
_a100 great IItians: _bdedicated to the service of the nation |
||
| 260 |
_aNew Delhi, India: _bExcel India Publishers, _c2024. |
||
| 300 | _axxiii, 404p. | ||
| 365 |
_b1990.00 _cINR |
||
| 650 | _aHigher Education | ||
| 650 | _aEducation | ||
| 700 |
_aJaitly, V. K. _9816931 |
||
| 942 |
_2CC _cTB _hT4.2,e4,11T R4 _n0 |
||
| 999 |
_c1434394 _d1434394 |
||